Análisis de las propiedades mecánicas del suelo-cemento para construcciones de bases estabilizadas

সংরক্ষণ করুন:
গ্রন্থ-পঞ্জীর বিবরন
প্রধান লেখক: Moya Fernández, Lil María
বিন্যাস: গ্রন্থ
প্রকাশিত: [San José, Costa Rica] 2007
বিষয়গুলি:
ট্যাগগুলো: ট্যাগ যুক্ত করুন
কোনো ট্যাগ নেই, প্রথমজন হিসাবে ট্যাগ করুন!

MARC

LEADER 00000nam a2200000Ia 4500
003 001017
005 20221231144104.0
008 140114s2007 cr a 000 ||s d
040 |c cru CEDI 
090 |a TFG 5545 
100 |a Moya Fernández, Lil María   |9 4615 
245 |a  Análisis de las propiedades mecánicas del suelo-cemento para construcciones de bases estabilizadas  
260 |c 2007  |b [San José, Costa Rica] 
300 |a 1 volumen (en varias paginaciones); ilustraciones a color 
500 |a Tesis (licenciatura en ingeniería civil)--Universidad de Costa Rica. Facultad de Ingeniería. Escuela de Ingeniería Civil 
650 |x PAVIMENTOS   |x  ANALISIS  |x  MECANICA DE SUELOS  |x PROPIEDADES  |x SUELO -- CEMENTO  |9 4616 
942 |c TFG 
999 |c 16716  |d 16716